Nabíječe a nabíjení

Bibliographic Details
Main Authors: Arendáš, Miroslav (Author), Ručka, Milan (Author)
Format: Book
Language:Czech
PhysicalDescription:221, [2] s. 21 cm
Published: Praha Státní nakladatelství technické literatury 1972
Series:Populární elektronika
Subjects:

MARC

LEADER 00000cam a2200000 a 4500
001 vtls001153340
003 SK-MaSNL
005 20260301055548.0
008 250414s1972 xr 00000 cze
035 |a SNK000096225 
040 |a SNK  |b slo  |c SNK  |e AACR2 
041 0 |a cze 
044 |a xr  |c CZ 
080 |a 621.355:621.314.6  |2 1981 
100 1 |a Arendáš, Miroslav  |4 aut  |9 369378 
245 1 0 |a Nabíječe a nabíjení  |c Miroslav Arendáš, Milan Ručka 
260 |a Praha  |b Státní nakladatelství technické literatury  |c 1972 
300 |a 221, [2] s.  |c 21 cm 
490 1 |a Populární elektronika  |v sv. 6 
650 0 7 |a akumulátory  |2 SNKPH  |9 49750 
650 0 7 |a nabíjačky akumulátorov  |2 SNKPH  |9 126075 
655 7 |a príručky  |2 SNKPH  |9 74364 
700 1 |a Ručka, Milan  |4 aut  |9 369379 
830 0 |a Populární elektronika  |9 369380 
852 |a Slovenská národná knižnica 
954 |a odborná, vedecká literatúra cudzojazyčná (svetová)  |2 lita 
958 |a OND 
999 |c 613649  |d 615579 
952 |t P60, <04>, [BOOK], {604}  |a SNK  |b SNK  |y VYP  |7 0  |p 17A0080833  |o snkIC 75681 D1  |0 0  |1 1  |4 0  |d 1997-07-14  |l 0  |r 2005-01-01 00:00:00  |w 2026-02-23 
952 |t P60, <04>, [BOOK], {604}  |a SNK  |b SNK  |y VYP  |7 0  |p 17A0333721  |o snkIC 75681  |0 0  |1 0  |4 0  |d 2002-02-14  |l 0  |r 2005-01-01 00:00:00  |w 2026-02-23